000 00659nam a2200229 a 4500
001 1127983
005 20180116044906.0
008 950503s1995 ilua b 001 0 eng
010 _a 94074615
020 _a0875813925
040 _aDLC
_cDLC
041 _aeng
080 _a616.8914 COR
082 0 0 _a616.8914 COR
_220
100 _a3
101 _aSHM
245 0 0 _aCurrent psychotherapies /
_ceditors, Raymond J. Corsini, Danny Wedding.
504 _aIncludes bibliographical references and indexes.
906 _a7
_bcbc
_corignew
_d2
_eopcn
_f19
_gy-gencatlg
942 _2ddc
_cBK
999 _c40359
_d40359